| 000 | 00939nam a22002297a 4500 | ||
|---|---|---|---|
| 999 |
_c15155 _d15155 |
||
| 003 | AR-CdUCM | ||
| 008 | 190415b ||||| |||| 00| 0 spa d | ||
| 020 | _a978-612-301-977-8 | ||
| 040 |
_aMUNICIPALIDAD PROVINCIAL DEL CUSCO _cBIBLIOTECA MUNICIPAL DEL CUSCO |
||
| 082 |
_aEP / 985 / _bH59 |
||
| 110 |
_aQG editores. _934178 |
||
| 245 | _aHistoria del Perú en 3D / | ||
| 260 |
_aLima : _bQG editores S.A.C., _c2014. |
||
| 300 |
_a13 páginas ; _c34 cm. |
||
| 440 |
_aLibro didáctico interactivo . _934179 |
||
| 505 | _aContenido :V,1. Etapa pre inca -- V.2. Etapa inca -- V.3. Etapa de la conquista y el virreinato -- V4. Etapa de la emancipación y de los primeros años republicanos -- V.5. Etapa republicana siglo XX -- V.6. Etapa contemporánea ... | ||
| 650 |
_aHistoria del Perú. _9259 |
||
| 650 |
_aÉpoca republicana. _9202 |
||
| 650 |
_aÉpoca contemporánea. _97535 |
||
| 942 |
_2ddc _cLIBROS |
||
| 945 |
_arum _d2019-04-26 |
||